<?xml version="1.0" encoding="UTF-8"?>
<record
    xmlns:xsi="http://www.w3.org/2001/XMLSchema-instance"
    xsi:schemaLocation="http://www.loc.gov/MARC21/slim http://www.loc.gov/standards/marcxml/schema/MARC21slim.xsd"
    xmlns="http://www.loc.gov/MARC21/slim">

  <leader>00868aaa a2200193 i 4500</leader>
  <controlfield tag="001">768714001</controlfield>
  <controlfield tag="003">CO-MdFUSB</controlfield>
  <controlfield tag="005">20250726114137.0</controlfield>
  <controlfield tag="008">250726t1992    ag ||||| |||| 00| 0 spa d</controlfield>
  <datafield tag="040" ind1=" " ind2=" ">
    <subfield code="b">spa</subfield>
    <subfield code="c">CO-MdFUSB</subfield>
  </datafield>
  <datafield tag="100" ind1="1" ind2=" ">
    <subfield code="a">Moreno, Luis Carlos</subfield>
    <subfield code="e">autor</subfield>
  </datafield>
  <datafield tag="245" ind1="1" ind2="0">
    <subfield code="a">"A pesar de la historia misma, seguimos existiendo"</subfield>
    <subfield code="c">/ Luis Carlos Moreno</subfield>
  </datafield>
  <datafield tag="300" ind1=" " ind2=" ">
    <subfield code="a">Volumen 11, n&#xFA;mero 2 (abril - Junio, 1992),  p&#xE1;ginas 22-23</subfield>
    <subfield code="c">; 27 cm</subfield>
  </datafield>
  <datafield tag="520" ind1=" " ind2=" ">
    <subfield code="a">Este art&#xED;culo es una entrevista realizada por Luis Calor Moreno a Fernando Quica&#xF1;a y Miguel Arc&#xE1;ngel Avil&#xE9;s, representantes de la Organizaci&#xF3;n Ind&#xED;gena Evang&#xE9;lica TAWANTINSUYUMAN ALLI WUILLACUI APAJCUNA (TAWA)</subfield>
  </datafield>
  <datafield tag="650" ind1=" " ind2="0">
    <subfield code="a">Evangelizaci&#xF3;n</subfield>
    <subfield code="9">362</subfield>
  </datafield>
  <datafield tag="773" ind1="0" ind2=" ">
    <subfield code="t">Iglesia y Misi&#xF3;n</subfield>
    <subfield code="0">49402</subfield>
    <subfield code="9">59656</subfield>
    <subfield code="g">Volumen 11, n&#xFA;mero 2 (abril - Junio, 1992),  p&#xE1;ginas 22-23</subfield>
    <subfield code="q">p&#xE1;ginas 22</subfield>
  </datafield>
  <datafield tag="942" ind1=" " ind2=" ">
    <subfield code="c">ANA</subfield>
  </datafield>
  <datafield tag="945" ind1=" " ind2=" ">
    <subfield code="a">JTF-925</subfield>
  </datafield>
  <datafield tag="999" ind1=" " ind2=" ">
    <subfield code="c">51961</subfield>
    <subfield code="d">51961</subfield>
  </datafield>
</record>
